1068 1015 1673 1352 1735 1894 1640 1103 1514 1750 1359 1338 1924 1632 1244 1827 1179 1791 1967 1195 1755 1305 1535 1076 1267 1148 1868 1307 1820 1173 1245 1376 1843 1278 1308 1511 1561 1458 1225 1145 1360 1118 1781 1019 1364 1663 1192 1034 1206 1844 1786 1578 1170 1443 1571 1887 1883 1158 1430 1263 1370 1404 1966 1598 1752 1686 1796 1884 1300 1361 1916 1801 1252 1461 1136 1477 1650 1068 1319 1786 1107 1607 1736 1868 1818 1906 1476 1531 1666 1411 1717 1308 1768 1983 1043 1157 1240 1052 1255 BCNSPRNW ULIB Ver.6.0+V

เปลี่ยนเป็นภาษาไทย

Change to English
 แสดงรายละเอียดบรรณานุกรม
  กลับหน้าหลัก

Brief Record : Get Marc (ISO 2709) : E-mail record : QR code < ปิดหน้าต่าง
LEADER : 00000nam 2200000uu 4500
001    13399109212
003     ULIB
008    110324s2553||||th 000 0 tha d
020    9789742991517
060 04 WA540.JT3^bส181ผ 2553
245 00 แผนยุทธศาสตร์สถาบันวิจัยระบบสาธารณสุข ปี 2554-2558 : ^b"การจัดการความรู้สู่ระบบสุขภาพที่เป็นธรรมและยั่งยืน" /^cสถาบันวิจัยระบบสาธารณสุข
246 24 สู่ความเป็นธรรมด้านสุขภาพ (Equity in health)
246 24 Equity in health
246 30 การจัดการความรู้สู่ระบบสุขภาพที่เป็นธรรมและยั่งยืน
250    พิมพ์ครั้งที่ 1
260    นนทบุรี :^bสถาบันวิจัยระบบสาธารณสุข,^c2553
300    84 หน้า :^bภาพประกอบ ;^c23 ซม.
610 27 สถาบันวิจัยระบบสาธารณสุข^xการบริหาร
650  7 การเข้าถึงบริการสุขภาพ^xนโยบายของรัฐ
650  7 บริการสุขภาพ, การวิจัย^xนโยบายของรัฐ
650  7 การจัดการองค์ความรู้
710 2  สถาบันวิจัยระบบสาธารณสุข
945    ^p0^l0^i029175
995    ทศพร
999 ^a ใช้งานได้ทุกระบบ
รายการนี้ยังไม่มีแท็ก
คุณยังไม่ได้ล็อกอิน คุณสามารถมีกิจกรรมร่วมกับเว็บไซต์ได้ แต่ต้องล็อกอินก่อน ::
  ล็อกอิน

รายการสื่อสารสนเทศ

ลำดับที่ ประเภท เลขเรียก/บาร์โค้ด สถานที่ สถานะ
1. วิทยาศาสตร์การแพทย์ และสุขภาพ
หนังสือสำรอง
สถานะ=หนังสือสำรอง
WA540.JT3 ส181ผ 2553 ฉ.1 
  Barcode: 029175
ห้องสมุดวิทยาเขตสวรรค์ประชารักษ์
►ส่วนจัดเก็บหนังสือเก่า สปร
บนชั้น
  ขอยืม

BibComment


ยังไม่เคยถูกคอมเมนท์

คอมเมนท์ทรัพยากรรายการนี้
  คอมเมนท์: แผนยุทธศาสตร์สถาบ..


 Copyright 2026. Bcnsprnw @Library